Programming in ASP.NET student guide (Record no. 181890)

MARC details
000 -LEADER
fixed length control field 00355nam a2200145Ia 4500
008 - FIXED-LENGTH DATA ELEMENTS--GENERAL INFORMATION
fixed length control field 231217s9999 xx 000 0 und d
041 ## - LANGUAGE CODE
Language code of text/sound track or separate title English
082 ## - DEWEY DECIMAL CLASSIFICATION NUMBER
Classification number 001.6424ASP NII;1 R
100 ## - MAIN ENTRY--PERSONAL NAME
Personal name NIIT
245 #0 - TITLE STATEMENT
Title Programming in ASP.NET student guide
260 ## - PUBLICATION, DISTRIBUTION, ETC.
Date of publication, distribution, etc. 2002
Name of publisher, distributor, etc. NIIT
Place of publication, distribution, etc. Okhla
300 ## - PHYSICAL DESCRIPTION
Extent 538
650 ## - SUBJECT ADDED ENTRY--TOPICAL TERM
Topical term or geographic name entry element Programming,ASP.NET
942 ## - ADDED ENTRY ELEMENTS (KOHA)
Koha item type Books
Holdings
Date last seen Total checkouts Full call number Accession number Price effective from Category Lost status Damaged status Department Withdrawn status Home library Current library Shelving location Entry date Vendor Grants Billdate Currency symbol Conversion rate Discount Old discount
26/01/2024   001.6424ASP NII;1 R 51892 26/01/2024 Books     Central Library   Central Library Central Library Central Library 24/12/2008 Publisher DONATED 30/12/2011 RS 1    

© For any Suggestions or Query, please contact the library staff @ librarian@pes.edu or Phone: +9180 2672 1983/ 2108.